• 首页
  • 本馆介绍
  • 公告通知
  • 最新文献
  • 馆藏检索
  • 电子资源
  • 读者导购
  • 参考咨询
  • 我的图书馆
  • 登录
  • 详细信息显示
  • 放入我的书架
  • 预约/预借图书
  • 作者相关作品
  • 分类相关作品
  • 丛书相关作品
  • 出版社相关作品

书目信息

  • 表格格式
  • 工作单格式
  • 卡片格式
题名:
微观
    
 
作者: 范笑天 著
分册: 2   政协工作理论创新研究
出版信息: 北京   民主与建设出版社  2017
页数: 295页
开本: 24cm
丛书名:
单 册:
中图分类: D627-53
科图分类:
主题词:
电子资源:
ISBN: 978-7-5139-1439-0
000 00951nam0 2200229 450
001 012001003103
005 20180926160527.78
010    @a978-7-5139-1439-0@dCNY60.00
100    @a20170905d2017 em y0chiy50 ea
101 0  @achi
102    @aCN@b110000
105    @ay z 000yy
106    @ar
200 1  @a微观@9wei guan@h2@i政协工作理论创新研究@f范笑天著
210    @a北京@c民主与建设出版社@d2017
215    @a295页@d24cm
330    @a本书以“从严用权”到在“共享”中让老百姓有获得感开篇,对人民政协工作相关理论和政协发挥统战职能等前沿问题做了探索和性研究,提出的提高政协委员参政议政能力建设,政协进一步发挥统战职能必须直面的问题,通过统一界别标准、拓展界别活动范围、提升政协的包容性、适当调整界别结构等优化政协组织结构等建议,都有难能可贵和可圈可点之处。
601 02 @a中国人民政治协商会议@x工作@j文集
690    @aD627-53@v5
701  0 @a范笑天@9fan xiao tian@4著
801  0 @aCN@b上海新华@c20180901
905    @b1162155-9@dD627-53@e102:2@f5
    
    微观.2.政协工作理论创新研究/范笑天著.-北京:民主与建设出版社,2017
    295页;24cm
    
    
    ISBN 978-7-5139-1439-0:CNY60.00
    本书以“从严用权”到在“共享”中让老百姓有获得感开篇,对人民政协工作相关理论和政协发挥统战职能等前沿问题做了探索和性研究,提出的提高政协委员参政议政能力建设,政协进一步发挥统战职能必须直面的问题,通过统一界别标准、拓展界别活动范围、提升政协的包容性、适当调整界别结构等优化政协组织结构等建议,都有难能可贵和可圈可点之处。
●
相关链接 在E读中查询图书 在五车中查询图书 在当当中查询图书 在豆瓣中查询图书


正题名:微观     索取号:D627-53/102:2         预约/预借

序号 登录号 条形码 馆藏地/架位号 状态 备注
1 1162155   211621556   第一样本阅览室/ [索取号:D627-53/102:2] 在馆    
2 1162156   211621565   第一借阅区/ [索取号:D627-53/102:2] 在馆    
3 1162157   211621574   第一借阅区/ [索取号:D627-53/102:2] 在馆    
4 1162158   211621583   第一借阅区/ [索取号:D627-53/102:2] 在馆    
5 1162159   211621592   密集书库-史法系/ [索取号:D627-53/102:2] 在馆    
唐山师范学院图书馆 欢迎您!
大连网信软件有限公司© 版权所有